00664nam a2200229 a 4500001001300000003000900013005001700022008004100039020001000080082001600090100001800106245004200124260004700166300000900213500003500222505001000257700001800267902000800285942000700293952011700300999001700417nice12345678IN_TiNIC20260116013742.0050524s1973 newa grp 000 0 eng  ac22500a954.14bSAR aSarkar, Sunit aSwadeshi Movement in Bengal 1903-1908 aNew DelhibPeople`s Publishing Housec1973 a552p aincludes index and biblioraphy2 aIndex1 aSarkar, Sunit bSRS cBK 001040708StackRoom-aHMIbHMId2007-08-01g225.00l0o954.14 SARp018706r2007-08-01v225.00w2005-05-24yBK c12310d12310